[Event "Los Polvorines op"]
[Site "Los Polvorines"]
[Date "1980.??.??"]
[Round "?"]
[White "Franco Ocampo, Zenon"]
[Black "Emma, Jaime"]
[Result "0-1"]
[WhiteElo "2360"]
[BlackElo "2440"]

1.e4 c5 2.Nf3 e6 3.d4 cxd4 4.Nxd4 Nc6 5.Nc3 a6 6.Be2 Qc7 7.O-O Nf6 8.Kh1 d6
9.f4 Be7 10.Be3 Bd7 11.a4 Nxd4 12.Bxd4 Bc6 13.Qd3 O-O 14.Qg3 Ne8 15.Bd3 Rd8
16.Rae1 Bf6 17.Bxf6 Nxf6 18.Qh4 h6 19.Re3 Kh8 20.Rg3 b5 21.Rff3 Rg8 22.Rh3 bxa4
23.Rfg3 Nh7 24.e5 dxe5 25.Bxh7 exf4 26.Rg5 f6 27.Rh5 g5 28.Qe1 g4 29.Be4 Bxe4
30.Qxe4 Qxc3 31.Rxh6+ Kg7 32.Rg6+ Kf8 33.Rxg8+ Kxg8 34.Qh7+ Kf8 35.Qh8+ Kf7
36.Qh5+ Kf8 37.Qh8+ Kf7 38.Rh7+ Kg6 39.Qg7+ Kf5 40.Rh5+ Ke4 41.Qb7+ Ke3 42.Qb6+ Qd4
43.Qxe6+ Kf2  0-1

[Event "New York MCC"]
[Site "New York"]
[Date "1980.??.??"]
[Round "9"]
[White "Arnason, Jon L"]
[Black "Zapata, Alonso"]
[Result "1-0"]
[WhiteElo "2435"]
[BlackElo "2410"]

1.e4 c5 2.Nf3 Nc6 3.d4 cxd4 4.Nxd4 e6 5.Nc3 a6 6.Be2 Nge7 7.Nb3 d6 8.O-O Ng6
9.f4 Be7 10.a4 O-O 11.Bd3 b6 12.Qh5 Na5 13.Rf3 Nxb3 14.cxb3 Re8 15.Be3 Nf8
16.f5 g6 17.Qg4 Bf6 18.fxg6 fxg6 19.Raf1 e5 20.Bc4+ Kh8 21.Qg3 Bg7 22.Bg5 Qd7
23.h3 Bb7 24.Rf7  1-0

[Event "DDR-ch 29th"]
[Site "Plauen"]
[Date "1980.??.??"]
[Round "5"]
[White "Zinn, Lothar"]
[Black "Hesse, Peter"]
[Result "0-1"]
[WhiteElo "2325"]
[BlackElo "2440"]

1.e4 c5 2.Nc3 e6 3.Nge2 Nc6 4.d4 cxd4 5.Nxd4 Qc7 6.g3 a6 7.a4 Nge7 8.Bg2 Nxd4
9.Qxd4 Nc6 10.Qc4 Qa5 11.O-O Bb4 12.Be3 d6 13.Rfd1 Ne5 14.Qb3 O-O 15.h3 Bd7
16.f4 Bc5 17.Bd4 Nc6 18.Bxc5 Qxc5+ 19.Kh2 Nd4 20.Qa2 Bc6 21.Rd2 b5 22.Rb1 e5
23.Nd5 Bxd5 24.Qxd5 Qxd5 25.exd5 f6 26.axb5 axb5 27.c3 Nb3 28.Rf2 b4 29.fxe5 fxe5
30.Rxf8+ Kxf8 31.cxb4 Rb8 32.h4 Rxb4 33.Rf1+ Ke7 34.Rf2 Nc5 35.Rc2 h6 36.Kh3 g5
37.hxg5 hxg5 38.Bf1 e4 39.Kg4 Kf6 40.Rf2+ Kg6 41.Re2 Nd7  0-1

[Event "POL-ch"]
[Site "?"]
[Date "1980.??.??"]
[Round "6"]
[White "Sznapik, Aleksander"]
[Black "Kruszynski, Wlodzimierz"]
[Result "1-0"]
[WhiteElo "2460"]
[BlackElo "2350"]

1.e4 c5 2.Nf3 e6 3.d4 cxd4 4.Nxd4 Nc6 5.Nc3 a6 6.Be2 Qc7 7.O-O Nf6 8.Be3 Bb4
9.Na4 O-O 10.Nxc6 bxc6 11.Nb6 Rb8 12.Nxc8 Rfxc8 13.Bxa6 Rd8 14.Bd3 Bd6 15.Kh1 Be5
16.c3 Rxb2 17.Qc1 Ng4 18.f4 Nxe3 19.Qxb2 Bxf4 20.Qf2 Nxf1 21.Rxf1 g5 22.g3 Qd6
23.Be2 Be5 24.Qxf7+ Kh8 25.Rd1 Rf8 26.Qxd7 Qc5 27.Qxe6 Bxc3 28.Qd6 Qxd6 29.Rxd6 Rf6
30.Rd7 Rf2 31.Bc4 h5 32.Rd6 Rf6 33.Rxf6 Bxf6 34.Be2 h4 35.gxh4 gxh4 36.Kg2 Be5
37.a4 Bc3 38.Kh3 Be1 39.Kg4 Kg7 40.Kf5 Kf7 41.e5 Ke7 42.Bf3 c5 43.Bd5 Ba5
44.h3 Bc3 45.Bc4 Kd7 46.Ke4 Kc6 47.Bb5+ Kb6 48.Kd5 Be1 49.e6  1-0

[Event "POL-ch"]
[Site "?"]
[Date "1980.??.??"]
[Round "12"]
[White "Bielczyk, Jacek"]
[Black "Kruszynski, Wlodzimierz"]
[Result "1/2-1/2"]
[WhiteElo "2380"]
[BlackElo "2350"]

1.e4 c5 2.Nf3 e6 3.d4 cxd4 4.Nxd4 Nc6 5.Nc3 a6 6.g3 d6 7.Bg2 Bd7 8.O-O Nf6
9.a4 Be7 10.Be3 Na5 11.Qe2 Qc7 12.h3 O-O 13.Rfd1 Rfc8 14.Kh2 Rab8 15.Bc1 Nc6
16.Be3 Na5 17.Bc1 Nc6 18.Be3  1/2-1/2

[Event "Rubinstein mem"]
[Site "Polanica Zdroj"]
[Date "1980.??.??"]
[Round "2"]
[White "Barczay, Laszlo"]
[Black "Romanishin, Oleg M"]
[Result "1/2-1/2"]
[WhiteElo "2450"]
[BlackElo "2580"]

1.e4 c5 2.Nf3 e6 3.d4 cxd4 4.Nxd4 Nc6 5.Nc3 a6 6.g3 d6 7.Bg2 Bd7 8.O-O Be7
9.Re1 Nf6 10.Nxc6 Bxc6 11.a4 O-O 12.Be3 Rc8 13.a5 Re8 14.Na4 Qc7 15.Nb6 Rcd8
16.Bd4 Nd7 17.c4 Bf6 18.Bxf6 Nxf6 19.b4 Nd7 20.Qd4 e5 21.Nd5 Bxd5 22.Qxd5 Nc5
23.b5 Ra8 24.Reb1 Reb8 25.Bh3 g6 26.Ra3 Qe7 27.Rf3 axb5 28.Rxb5 Ra6 29.Ra3 Rba8
30.Kg2 h5 31.Ra2 Kg7 32.f3 Qc7 33.Rd2 Rxa5 34.Qxd6 Qxd6 35.Rxd6 Ra2+ 36.Kg1 Ra1+
37.Bf1 R8a3 38.Rxc5 Rxf3 39.Rd2 Rfxf1+ 40.Kg2 Rg1+ 41.Kh3 f6 42.Rc7+ Kh6
43.Rxb7 Rac1 44.Rf2 Rgf1 45.Rxf1 Rxf1 46.Kg2 Rc1 47.Rf7 Rxc4 48.Rxf6 Rxe4
49.Re6 Kg5 50.Kf3 Re1 51.Kf2 Kf5 52.Rxg6 Rh1 53.Rg8 Rxh2+ 54.Kf3 e4+ 55.Ke3 Rg2
56.Rf8+ Kg4 57.Rg8+ Kh3 58.Rh8 Rxg3+ 59.Kxe4 h4 60.Kf4 Ra3 61.Rh7 Ra4+ 62.Kf3 Kh2
63.Kf2 h3 64.Rf7  1/2-1/2

[Event "Rubinstein mem"]
[Site "Polanica Zdroj"]
[Date "1980.??.??"]
[Round "9"]
[White "Barczay, Laszlo"]
[Black "Bielczyk, Jacek"]
[Result "1/2-1/2"]
[WhiteElo "2450"]
[BlackElo "2380"]

1.e4 c5 2.Nf3 Nc6 3.Nc3 e6 4.d4 cxd4 5.Nxd4 Nf6 6.g3 Qb6 7.Nb3 Bb4 8.Bg2 d5
9.O-O Bxc3 10.bxc3 O-O 11.exd5 Nxd5 12.c4 Nde7 13.c5 Qb4 14.Re1 Qc3 15.Bg5 Nd5
16.Bd2 Qf6 17.c4 Nde7 18.Qe2 Re8 19.Rad1 h6 20.Bc1 Nf5 21.Bb2 Qg6 22.f4 f6
23.Bf3 Rf8 24.Kh1 e5 25.Be4 Qe8 26.Qc2 Qh5 27.Qf2 Nfe7  1/2-1/2

[Event "ARG-ch"]
[Site "Quilmes"]
[Date "1980.??.??"]
[Round "1"]
[White "Quinteros, Miguel A"]
[Black "Emma, Jaime"]
[Result "1-0"]
[WhiteElo "2515"]
[BlackElo "2440"]

1.Nf3 c5 2.e4 e6 3.d4 cxd4 4.Nxd4 Nc6 5.Nc3 d6 6.Be3 a6 7.f4 Bd7 8.Qf3 Rc8
9.O-O-O Qc7 10.Bd3 Nf6 11.h3 Nb4 12.Kb1 e5 13.Nde2 b5 14.Rc1 Qb8 15.g4 Nxd3
16.cxd3 b4 17.Nd1 Bb5 18.Nf2 Be7 19.Rxc8+ Qxc8 20.Ng3 exf4 21.Qxf4 Qe6 22.Nf5 Bf8
23.Bd4 Rg8 24.Rc1 g6 25.Ne3 Be7 26.Rc7 Bd8 27.Ra7 b3 28.axb3 g5 29.Qf3 Rg6
30.Ra8 Kd7 31.Qd1 h5 32.gxh5 Rh6 33.Qe2 Be7  1-0

[Event "Rome-B"]
[Site "Rome"]
[Date "1980.??.??"]
[Round "4"]
[White "Medina Garcia, Antonio Angel"]
[Black "Wagman, Stuart"]
[Result "1-0"]
[WhiteElo "2370"]
[BlackElo "2300"]

1.e4 c5 2.Nc3 e6 3.Nf3 Nc6 4.d4 cxd4 5.Nxd4 Qc7 6.g3 a6 7.Bg2 d6 8.O-O Bd7
9.a4 Nf6 10.b3 Be7 11.Bb2 O-O 12.Nde2 Rfd8 13.Qd2 Be8 14.Rfd1 Rac8 15.Rac1 Qb8
16.Nf4 b5 17.Qe2 Ne5 18.Ra1 bxa4 19.Nxa4 Bb5 20.Qd2 d5 21.exd5 exd5 22.Qe1 Nc6
23.Nxd5 Nxd5 24.Rxd5 Bf8 25.Rxd8 Rxd8 26.Nc3 Nd4 27.Rd1 Bb4 28.Kh1 Ne2 29.Rd5 Re8
30.Qa1 Bc6 31.Rd3 Qb7 32.Nd5 Nf4 33.Nxf4  1-0

[Event "Rome"]
[Site "Rome"]
[Date "1980.??.??"]
[Round "5"]
[White "Parma, Bruno"]
[Black "Zichichi, Alvise"]
[Result "1-0"]
[WhiteElo "2520"]
[BlackElo "2395"]

1.e4 c5 2.Nf3 e6 3.d4 cxd4 4.Nxd4 Nc6 5.Nc3 a6 6.Be2 Nge7 7.f4 b5 8.O-O Bb7
9.Kh1 Nxd4 10.Qxd4 Nc6 11.Qf2 Be7 12.Be3 O-O 13.Rad1 f6 14.a4 b4 15.Nb1 Qc7
16.Bb6 Qc8 17.Bc5 Rd8 18.Nd2 d5 19.Bb6 dxe4 20.Nxe4 Rxd1 21.Rxd1 Nd8 22.Bxd8 Bxd8
23.Nd6 Qxc2 24.Nxb7 Bb6 25.Qxb6 Qxe2 26.Rd8+ Rxd8 27.Qxd8+ Kf7 28.Nd6+ Kg6
29.Qe8+ Kh6 30.Nf5+  1-0

[Event "EU-chT"]
[Site "Skara"]
[Date "1980.??.??"]
[Round "6"]
[White "Tal, Mihail"]
[Black "Liberzon, Vladimir M"]
[Result "1/2-1/2"]
[WhiteElo "2705"]
[BlackElo "2545"]

1.e4 c5 2.Nf3 e6 3.d4 cxd4 4.Nxd4 Nc6 5.Nc3 Qc7 6.Be2 a6 7.O-O Nf6 8.Be3 Bb4
9.Na4 O-O 10.Nxc6 bxc6 11.Nb6 Rb8 12.Nxc8 Rfxc8 13.Bxa6 Rd8 14.Bd3 Bd6 15.Kh1 Be5
16.c3 Rxb2 17.Qc1 Ng4 18.f4 Nxe3 19.Qxb2 Bxf4 20.Qf2 Nxf1 21.Rxf1 g5 22.g3 Qd6
23.Be2 Be5 24.Qxf7+ Kh8 25.Rd1 Qc7 26.Bg4 d5 27.Qxe6 Bxc3 28.exd5 cxd5 29.Bf3 Qe5
30.Qxe5+ Bxe5 31.Bxd5 Kg7 32.Kg2 g4 33.a4 Bc3 34.h3 gxh3+ 35.Kxh3 Ba5 36.Kg4 Rd6
37.Kf5 Bc7 38.Rd3 Rg6  1/2-1/2

[Event "Skien op"]
[Site "Skien"]
[Date "1980.??.??"]
[Round "5"]
[White "Wibe, Terje"]
[Black "Niklasson, Christer"]
[Result "1-0"]
[WhiteElo "2425"]
[BlackElo "2395"]

1.e4 c5 2.Nf3 e6 3.d4 cxd4 4.Nxd4 Nc6 5.Nc3 a6 6.Nxc6 bxc6 7.Bd3 d5 8.O-O Nf6
9.Bf4 Be7 10.Re1 Bb7 11.Qf3 Ra7 12.Rad1 c5 13.exd5 exd5 14.Be5 O-O 15.Qg3 Bc6
16.Be4 Rd7 17.Bf5 Rb7 18.Nxd5 Bxd5 19.c4 g6 20.cxd5 Nh5 21.Qf3 Bd6 22.Bc3 Ng7
23.Bc2 f6 24.g3 Qd7 25.Qd3 a5 26.Qc4 Qh3 27.Qa6 Rd7 28.Be4 Nf5 29.Bg2 Qg4
30.h3 Qg5 31.Bd2 Qh5 32.g4 Qh4 33.gxf5 gxf5 34.Qd3 Kh8 35.Qxf5 Rg7 36.Re4 Rfg8
37.Rxh4 Rxg2+ 38.Kf1  1-0

[Event "Skien op"]
[Site "Skien"]
[Date "1980.??.??"]
[Round "6"]
[White "Hatlebakk, Einar"]
[Black "Niklasson, Christer"]
[Result "1/2-1/2"]
[WhiteElo "2290"]
[BlackElo "2395"]

1.e4 c5 2.Nf3 e6 3.d4 cxd4 4.Nxd4 Nc6 5.Nc3 a6 6.Be2 Qc7 7.f4 d6 8.Be3 Nf6
9.O-O Be7 10.Qe1 O-O 11.Qg3 Nxd4 12.Bxd4 b5 13.a3 Bb7 14.Kh1 Bc6 15.Rae1 Rab8
16.e5 Ne8 17.Bd3 g6 18.Ne4 Bxe4 19.Bxe4 dxe5 20.fxe5 Ng7 21.Qe3 Rfe8 22.g4 Bf8
23.Rf3 Re7 24.Ref1 Rd7 25.c3 Ne8 26.h4 Bg7 27.Qf4 Qd8 28.g5 Bf8 29.Bc6 Rc7
30.Bxe8 Qxe8 31.h5 Qc6 32.h6 Qd5 33.b4 Qd8 34.R1f2 Rbb7 35.Kh2 Rd7 36.Rh3 Rd5
37.Qf6 Rdd7 38.Kg2 Rd5 39.Qxd8 Rxd8 40.Kf3 Rd5 41.Ke4 Be7 42.Rg3 Bd8  1/2-1/2

[Event "Sochi"]
[Site "Sochi"]
[Date "1980.??.??"]
[Round "2"]
[White "Balashov, Yuri S"]
[Black "Jansa, Vlastimil"]
[Result "1/2-1/2"]
[WhiteElo "2600"]
[BlackElo "2480"]

1.e4 c5 2.Nf3 Nc6 3.d4 cxd4 4.Nxd4 e6 5.Nc3 a6 6.Be2 Nge7 7.f4 b5 8.O-O Bb7
9.Kh1 Nxd4 10.Qxd4 Nc6 11.Qf2 Be7 12.Be3 O-O 13.Rad1 Rc8 14.Bf3 Qe8 15.e5 Na5
16.Bxb7 Nxb7 17.f5 f6 18.exf6 Rxf6 19.Qd2 Nd6 20.fxe6 Rxf1+ 21.Rxf1 dxe6
22.Bd4 Qg6 23.Qd3 Qxd3 24.cxd3 Nf5 25.Be5 b4 26.Nd1 Rd8  1/2-1/2

[Event "Rilton Cup"]
[Site "Stockholm"]
[Date "1980.??.??"]
[Round "?"]
[White "Wedberg, Tom"]
[Black "Bergman, C."]
[Result "1-0"]
[WhiteElo "2425"]
[BlackElo "2200"]

1.e4 c5 2.Nf3 Nc6 3.d4 cxd4 4.Nxd4 e6 5.Nc3 Nf6 6.Nxc6 bxc6 7.e5 Nd5 8.Nxd5 cxd5
9.Bd3 Qc7 10.Qe2 d6 11.Bf4 Be7 12.O-O Bb7 13.Rfe1 g5 14.exd6 Bxd6 15.Bxg5 Bxh2+
16.Kh1 Bd6 17.Qh5 Qd7 18.Bb5 Qxb5 19.Rxe6+ Kd7 20.Qxf7+ Kc6 21.Rxd6+ Kxd6
22.Qe7+ Kc6 23.Qe6+ Kc5 24.Be7+  1-0

[Event "Rilton Cup"]
[Site "Stockholm"]
[Date "1980.??.??"]
[Round "?"]
[White "Wikstrom, L."]
[Black "Bergstrom, Christer"]
[Result "1-0"]
[WhiteElo "2200"]
[BlackElo "2285"]

1.e4 c5 2.Nf3 Nc6 3.d4 cxd4 4.Nxd4 e6 5.Nc3 a6 6.g3 Nge7 7.Nb3 d6 8.Bg2 Bd7
9.a4 b6 10.O-O Nc8 11.Be3 Be7 12.Qe2 O-O 13.f4 Nb4 14.Nd4 Na7 15.Qc4 Nac6
16.Nxc6 Nxc6 17.f5 Na5 18.Qd3 Nc6 19.Rad1 Ne5 20.Qe2 Qc7 21.g4 Qc4 22.Qxc4 Nxc4
23.Bc1 Rac8 24.g5 Rfd8 25.Bh3 g6 26.f6 Bf8 27.b3 Ne3 28.Bxe3 Rxc3 29.Rd3 Rdc8
30.Bxb6 h6 31.gxh6 Rxc2 32.Rf2 Kh7 33.Be3 R2c7 34.Rfd2 Bc6 35.Bg2 Bb7 36.Kf2 Re8
37.Bb6 Rc6 38.Be3 Rec8 39.Bf3 R8c7 40.Bg2 Bxh6 41.Bxh6 Kxh6 42.Rxd6 Rxd6
43.Rxd6 Kg5 44.Rb6 Kf4 45.Ke2 Bc8 46.Kd2 e5 47.a5 g5 48.Bf1 Kxe4 49.Bxa6 Bxa6
50.Rxa6 Kf3 51.Ra8 e4 52.Re8 Ra7 53.b4 g4 54.Re5 Kf4 55.Re7 Ra8 56.Rxf7 Rh8
57.Rg7 Rxh2+ 58.Kc3 Rh8 59.f7 Rf8 60.a6 e3 61.a7 Kf3 62.a8=Q+ Rxa8 63.Rg8 e2
64.f8=Q+  1-0

[Event "SWE-ch"]
[Site "?"]
[Date "1980.??.??"]
[Round "?"]
[White "Svenn, Matti"]
[Black "Bergstrom, Christer"]
[Result "0-1"]
[WhiteElo "2200"]
[BlackElo "2285"]

1.e4 c5 2.Nf3 Nc6 3.Nc3 e6 4.d4 cxd4 5.Nxd4 a6 6.g3 Nge7 7.Nde2 Ng6 8.Bg2 Bc5
9.O-O O-O 10.Nf4 b5 11.Nd3 Bb6 12.e5 Rb8 13.Qh5 Qc7 14.Re1 Bb7 15.Bd2 Bd4
16.Be4 Ncxe5 17.Nxe5 Bxe4 18.Nxd7 Qxd7 19.Nxe4 Bxb2 20.Rad1 Qc6 21.c3 f6
22.Qc5 Qxc5 23.Nxc5 Ne5 24.Kg2 Rfc8 25.Nxa6 Ra8 26.Nb4 Bxc3 27.Bxc3 Rxc3
28.Re2 Ra4 29.Rb1 Kf7 30.Rbb2 Nc4 31.Rb1 Ra8 32.Rb3 Rxb3 33.axb3 Ne5 34.Rc2 Ra3
35.f4 Rxb3 36.Rc7+ Kg6 37.Nc2 Nc4 38.Kh3 Rd3 39.Nb4 Rd6 40.Nc6 h6 41.Ne7+ Kh7
42.f5 Ne3 43.Rb7 Nxf5 44.Nxf5 exf5 45.Rxb5 Kg6 46.Rb4 Rd2 47.Ra4 Kg5 48.Rb4 g6
49.Ra4 h5 50.Rb4 Rf2 51.Rb5 Kh6 52.Rb6 Kg5 53.Rb5 Re2 54.Ra5 Kh6 55.Ra6 Kg7
56.Ra7+ Kf8 57.Ra6 Ke7 58.Ra7+ Ke6 59.Ra6+ Ke5 60.Ra8 Ke4 61.Ra4+ Kf3 62.Ra3+ Kf2
63.Ra6 g5 64.Ra1 Ke3  0-1

[Event "SWE-ch"]
[Site "?"]
[Date "1980.??.??"]
[Round "?"]
[White "Fridh, Anton"]
[Black "Akesson, Ralf"]
[Result "0-1"]
[WhiteElo "2200"]
[BlackElo "2230"]

1.e4 c5 2.Nf3 e6 3.d4 cxd4 4.Nxd4 Nc6 5.Nc3 a6 6.Bc4 Qc7 7.Nxc6 bxc6 8.Qe2 Nf6
9.O-O Be7 10.e5 Nd5 11.Bd2 O-O 12.Kh1 Bb7 13.f4 f5 14.Rf3 Kh8 15.Rh3 g6 16.Nxd5 cxd5
17.Bd3 Qb6 18.b3 Rfc8 19.Be3 d4 20.Bf2 Rg8 21.c3 Qc6 22.Bxd4 Raf8 23.Rg1 Rf7
24.Qf2 g5 25.fxg5 Rxg5 26.Be2 Rfg7 27.Bf3 Qc8 28.Bxb7 Qxb7 29.Rf3 Rg4 30.Rf4 Bh4
31.Qf1 Rxf4 32.Qxf4 Rg4 33.Qf3 Qb5 34.h3 Rg8 35.c4 Qa5 36.g3 Be7 37.Rg2 Bc5
38.Bc3 Qa3 39.Kh2 Qc1 40.Bb2 Qb1 41.Bc3 Qc1 42.Bd2 Qa1 43.Bc3 Qc1 44.Qd3 f4
45.Bd4 Bxd4 46.Qxd4 fxg3+ 47.Rxg3 Qc2+  0-1

[Event "Baden"]
[Site "Vienna"]
[Date "1980.??.??"]
[Round "2"]
[White "Van der Wiel, John TH"]
[Black "Liberzon, Vladimir M"]
[Result "0-1"]
[WhiteElo "2465"]
[BlackElo "2545"]

1.e4 c5 2.Nf3 e6 3.d4 cxd4 4.Nxd4 Nc6 5.Nc3 d6 6.Be3 Nf6 7.f4 Be7 8.Qf3 O-O
9.O-O-O Qc7 10.g4 Nxd4 11.Rxd4 e5 12.Rc4 Bxg4 13.Qg3 exf4 14.Bxf4 Qb6 15.e5 dxe5
16.Bxe5 Nh5 17.Qxg4 Qe3+ 18.Kb1 Qxe5 19.Re4 Qg5 20.Qxg5 Bxg5 21.Rb4 b6 22.Rb5 f5
23.Bd3 g6 24.a4 Kg7 25.a5 bxa5 26.Rxa5 Bd2 27.Ra3 Bxc3 28.Rxc3 Rac8 29.Ra3 Rc7
30.Rf1 Re8 31.Rf2 Re1+ 32.Ka2 Nf6 33.Rg2 Ng4 34.Ra4 Re3 35.Rf4 h5  0-1

[Event "Vrbas"]
[Site "Vrbas"]
[Date "1980.??.??"]
[Round "?"]
[White "Velimirovic, Dragoljub"]
[Black "Bukic, Enver"]
[Result "1-0"]
[WhiteElo "2515"]
[BlackElo "2500"]

1.e4 c5 2.Nf3 e6 3.d4 cxd4 4.Nxd4 Nc6 5.Nc3 a6 6.Be2 Nge7 7.Be3 Nxd4 8.Qxd4 b5
9.O-O Nc6 10.Qd2 Be7 11.Rad1 O-O 12.f4 d6 13.Bd3 Bb7 14.Qf2 Qe8 15.Qg3 Nb4
16.f5 exf5 17.Bd4 f6 18.Rxf5 Rc8 19.Rdf1 Qg6 20.Qe3 Rce8 21.a3 Nxd3 22.cxd3 Bc8
23.R5f3 Be6 24.Ne2 Rc8 25.Bc3 Qg5 26.Nf4 Bf7 27.Bb4 Qg4 28.Qa7 Rce8 29.Rc1 f5
30.Bc3 Bg5 31.Rcf1 fxe4 32.Rg3 Qh4 33.Qd4 Qh6 34.Nh3 Be3+ 35.Qxe3 Qxe3+ 36.Rxe3 exd3
37.Rxd3 Bc4 38.Rxf8+ Rxf8 39.Rd1 d5 40.Ng5 Bb3 41.Re1  1-0

[Event "Vrbas"]
[Site "Vrbas"]
[Date "1980.??.??"]
[Round "?"]
[White "Ivanovic, Bozidar"]
[Black "Bukic, Enver"]
[Result "1-0"]
[WhiteElo "2440"]
[BlackElo "2500"]

1.e4 c5 2.Nf3 e6 3.d4 cxd4 4.Nxd4 Nc6 5.Nc3 a6 6.Be2 Nge7 7.Nb3 Na5 8.Nxa5 Qxa5
9.O-O Nc6 10.a3 d6 11.Be3 Be7 12.f4 O-O 13.Qe1 b5 14.Qg3 Qc7 15.Rad1 Kh8
16.f5 Ne5 17.Qh3 Bd7 18.g4 Rae8 19.Rf2 Qb7 20.g5 exf5 21.exf5 g6 22.Nd5 Bxf5
23.Qh6 f6 24.gxf6 Rxf6 25.Nxf6 Bxf6 26.Rxf5 Nf7 27.Rxf6 Nxh6 28.Bxh6 Qa7+
29.Kh1 Qb7+ 30.Bf3 Qe7 31.Rfxd6 Qh4 32.Bd2 Kg7 33.Rd7+ Re7 34.Bb4 Rxd7 35.Rxd7+ Kh8
36.Bd5  1-0

[Event "Yerevan"]
[Site "Yerevan"]
[Date "1980.??.??"]
[Round "12"]
[White "Tseshkovsky, Vitaly"]
[Black "Tal, Mihail"]
[Result "1/2-1/2"]
[WhiteElo "2595"]
[BlackElo "2705"]

1.e4 c5 2.Nf3 e6 3.d4 cxd4 4.Nxd4 Nc6 5.Nc3 a6 6.g3 d6 7.Bg2 Bd7 8.O-O Nf6
9.a4 Be7 10.Be3 O-O 11.Qe2 Qc7 12.Rfd1 Ne5 13.h3 Rac8 14.Kh1 Rfe8  1/2-1/2

[Event "BCF-ch playoff"]
[Site "London"]
[Date "1981.02.14"]
[Round "2"]
[White "Nunn, John DM"]
[Black "Hartston, William R"]
[Result "1/2-1/2"]
[WhiteElo "2575"]
[BlackElo "2450"]

1.e4 c5 2.Nf3 e6 3.d4 cxd4 4.Nxd4 Nc6 5.Nc3 a6 6.g3 d6 7.Bg2 Bd7 8.O-O Nf6
9.Nxc6 Bxc6 10.a4 Be7 11.Be3 Qc7 12.Qe2 O-O 13.Rfd1 b6 14.Bf4 Rfd8 15.Rd2 Qb7
16.Rad1 Ne8 17.h4 Bf8 18.Qd3 b5 19.axb5 axb5 20.Ne2 e5 21.Bg5 Be7 22.Nc3 Bxg5
23.hxg5 b4 24.Nd5 Bxd5 25.exd5 g6 26.Re2 Ng7 27.Bh3 Ra5 28.Re4 Rb8 29.Rc4 Rb5
30.Rc6 Qe7 31.Ra1 Qxg5 32.Rxd6 Ne8 33.Rc6 e4 34.Qxe4 Qxd5 35.Qxd5 Rxd5 36.Ra7 Rd1+
37.Bf1 b3 38.Kg2 bxc2 39.Rxc2 Rb1 40.Rd2 R1xb2 41.Rdd7 R8b6 42.Bc4 Nd6 43.Bxf7+ Nxf7
44.Rxf7 h6 45.Rg7+ Kf8 46.Rgc7 Re2 47.Kf1 Rbe6 48.Rh7 Re7 49.Raxe7 Rxe7 50.Rxh6 Kg7
51.Rh4 Ra7 52.Rd4 Ra2 53.Kg2 Kf6 54.Rf4+ Kg7 55.Kf3 g5 56.Rd4 Kf6 57.Rd6+ Ke5
58.Rb6 Ra4 59.g4 Ra3+ 60.Kg2 Kf4 61.Rb4+ Ke5 62.f3 Kf6 63.Rb6+ Kf7 64.Kf2  1/2-1/2

[Event "BCF-ch playoff"]
[Site "London"]
[Date "1981.02.16"]
[Round "4"]
[White "Nunn, John DM"]
[Black "Hartston, William R"]
[Result "1-0"]
[WhiteElo "2575"]
[BlackElo "2450"]

1.e4 c5 2.Nf3 e6 3.d4 cxd4 4.Nxd4 Nc6 5.Nc3 a6 6.Be2 Nge7 7.Bf4 Ng6 8.Nxc6 bxc6
9.Bd6 Bxd6 10.Qxd6 Qe7 11.O-O-O Qxd6 12.Rxd6 Ke7 13.Rhd1 Nf4 14.Bf3 Ra7 15.R6d2 g5
16.g3 Ng6 17.Bh5 d5 18.Re1 Kf6 19.f4 gxf4 20.gxf4 Rd8 21.f5 Nf4 22.e5+ Kxf5
23.Rf2 f6 24.exf6 e5 25.Ne2 Kxf6 26.Nxf4 exf4 27.h4 Kg7 28.Rxf4 c5 29.Be8 Rd6
30.b3 Rc7 31.Re5 c4 32.Rg5+ Kh6 33.Rf8 cxb3 34.axb3 Bd7 35.Rh5+ Kg7 36.Rf7+ Kg8
37.Rg5+  1-0

[Event "Amsterdam"]
[Site "Amsterdam"]
[Date "1981.??.??"]
[Round "?"]
[White "Smyslov, Vassily"]
[Black "Langeweg, Kick"]
[Result "1-0"]
[WhiteElo "2545"]
[BlackElo "2455"]

1.e4 c5 2.Nf3 e6 3.d4 cxd4 4.Nxd4 Nc6 5.Nc3 d6 6.Be3 Nf6 7.f4 e5 8.Nde2 Ng4
9.Bg1 exf4 10.Nxf4 Be7 11.Qd2 O-O 12.O-O-O Be6 13.Kb1 Qd7 14.Nfd5 Rfd8 15.Bb5 Bf8
16.h3 Nge5 17.Qg5 Kh8 18.Be3 Rdc8 19.Rhf1 Qd8 20.Qxd8 Nxd8 21.Be2 Bd7 22.Bf4 Be8
23.Bb5 Bc6 24.Ne3 f6 25.Nf5 Ndf7 26.Rd4 g6 27.Ne3 Nd8 28.Rdd1 Kg7 29.Ned5 Nd7
30.Bc1 Nf7 31.b3 Rab8 32.Bb2 Nfe5 33.a4 a6 34.Be2 Kf7 35.g4 Kg7 36.a5 Rd8
37.Rf2 Rbc8 38.Rdf1  1-0

[Event "Amsterdam"]
[Site "Amsterdam"]
[Date "1981.??.??"]
[Round "?"]
[White "Timman, Jan H"]
[Black "Langeweg, Kick"]
[Result "1-0"]
[WhiteElo "2620"]
[BlackElo "2455"]

1.e4 c5 2.Nf3 e6 3.d4 cxd4 4.Nxd4 Nc6 5.Nc3 a6 6.g3 Qc7 7.Bg2 Nf6 8.O-O Be7
9.Re1 Nxd4 10.Qxd4 Bc5 11.Bf4 d6 12.Qd2 Ng4 13.Re2 Ne5 14.Na4 Ba7 15.Rd1 Bd7
16.Nc3 Rd8 17.b3 Bb8 18.Re3 Bc6 19.Ne2 Ba7 20.Rc3 Ng4 21.Rf1 e5 22.h3 Nf6
23.Bg5 Qa5 24.Bxf6 gxf6 25.a4 h5 26.h4 Bc5 27.Qd1 b5 28.axb5 axb5 29.Rd3 b4
30.Kh2 Qa8 31.f3 Ke7 32.c3 Bb5 33.c4 Bc6 34.Qe1 Qa2 35.f4 Qc2 36.Nc1 Ra8
37.Rd2 Qb1 38.fxe5 fxe5 39.Qe2 Rh6 40.Rb2 Qa1 41.Na2 Rxa2 42.Rxa2  1-0

[Event "AUT-ch"]
[Site "AUT"]
[Date "1981.??.??"]
[Round "7"]
[White "Dueckstein, Andreas"]
[Black "Mikenda, Werner"]
[Result "1-0"]
[WhiteElo "2405"]
[BlackElo "2200"]

1.e4 c5 2.Nf3 Nc6 3.d4 cxd4 4.Nxd4 e6 5.Nc3 Qc7 6.Be3 a6 7.f4 b5 8.Qf3 Bb7
9.Bd3 Nf6 10.Nb3 d6 11.a3 Be7 12.O-O O-O 13.Qh3 b4 14.axb4 Nxb4 15.e5 dxe5
16.fxe5 Qxe5 17.Ra5 Nxd3 18.Rxe5 Nxe5 19.Na5 Bd5 20.Bd4 Ng6 21.Nxd5 Nxd5
22.c4 Ndf4 23.Qe3 Bg5 24.b4 e5 25.Bc5 Rfd8 26.Qe4 Rac8 27.g3 Nd3 28.Bb6 Rd7
29.Qf5  1-0

[Event "AUT-ch"]
[Site "AUT"]
[Date "1981.??.??"]
[Round "7"]
[White "Wittmann, Walter"]
[Black "Duer, Arne"]
[Result "1-0"]
[WhiteElo "2380"]
[BlackElo "2200"]

1.e4 c5 2.Nf3 e6 3.d4 cxd4 4.Nxd4 Nc6 5.Nc3 d6 6.Be3 Nf6 7.f4 Be7 8.Qf3 O-O
9.O-O-O Qc7 10.Kb1 a6 11.Be2 Re8 12.Rhf1 Rb8 13.e5 dxe5 14.fxe5 Nxe5 15.Qg3 b5
16.Bf4 Nfd7 17.Nxe6 fxe6 18.Rxd7 Qxd7 19.Bxe5 Bd6 20.Bxd6 Rb6 21.Ne4 Kh8
22.Bh5 Rg8 23.Rf7 Qd8 24.Be5  1-0

[Event "AUT-ch"]
[Site "AUT"]
[Date "1981.??.??"]
[Round "11"]
[White "Roth, Peter"]
[Black "Swoboda, Ernst"]
[Result "1-0"]
[WhiteElo "2345"]
[BlackElo "2200"]

1.e4 c5 2.Nf3 Nc6 3.Nc3 e6 4.d4 cxd4 5.Nxd4 Nf6 6.Be3 Bb4 7.Bd3 O-O 8.O-O a6
9.Kh1 Qc7 10.f4 b6 11.e5 Bxc3 12.exf6 Bxd4 13.Bxd4 Nxd4 14.Qh5 h6 15.Qg4 g6
16.Bxg6 Kh8 17.Qh5  1-0

[Event "AUT-ch"]
[Site "AUT"]
[Date "1981.??.??"]
[Round "13"]
[White "Roth, Peter"]
[Black "Mikenda, Werner"]
[Result "1-0"]
[WhiteElo "2345"]
[BlackElo "2200"]

1.e4 c5 2.Nf3 Nc6 3.Nc3 e6 4.d4 cxd4 5.Nxd4 Qc7 6.a3 a6 7.Be3 b5 8.Bd3 Bb7
9.Nde2 Nf6 10.h3 Be7 11.O-O O-O 12.Qe1 b4 13.axb4 Nxb4 14.f4 Bc5 15.Bxc5 Qxc5+
16.Kh1 Nxd3 17.cxd3 d6 18.Qg3 Nd7 19.Rac1 Qb4 20.f5 exf5 21.Rxf5 Rac8 22.Rcf1 Rce8
23.Qf2 Re6 24.Nd4 Rh6 25.Rf4 Rf6 26.Nf5 Kh8 27.e5 Rxf5 28.Rxb4  1-0

[Event "Bangalore"]
[Site "Bangalore"]
[Date "1981.??.??"]
[Round "7"]
[White "Aaron, Manuel"]
[Black "Ree, Hans"]
[Result "1/2-1/2"]
[WhiteElo "2380"]
[BlackElo "2510"]

1.e4 c5 2.Nf3 e6 3.d4 cxd4 4.Nxd4 Nc6 5.Nc3 d6 6.Be2 Nf6 7.O-O Be7 8.Kh1 O-O
9.Be3 a6 10.f4 Bd7 11.Qe1 b5 12.a3 Qb8 13.Nb3 a5 14.Bf3 a4 15.Nd4 Nxd4 16.Bxd4 e5
17.Be3 b4 18.axb4 Qxb4 19.fxe5 dxe5 20.Qg3 Qxb2 21.Bh6 Ne8 22.Nd5 Bd8 23.c4 Rb8
24.Be3 f6 25.Bc5 Rf7 26.Ba3 Qb7 27.Bh5 g6 28.Bd1 Nc7 29.Bd6 Ra8 30.Bxc7 Bxc7
31.Rxf6 Raf8 32.Rxf7 Rxf7 33.Bg4 Bxg4 34.Qxg4 a3 35.Qe6 Kg7 36.Nxc7 Qxc7
37.h3 Qa5 38.Qd6 Ra7 39.c5 Qc3 40.Rf1 Rf7 41.Rxf7+ Kxf7  1/2-1/2

[Event "Bochum"]
[Site "Bochum"]
[Date "1981.??.??"]
[Round "?"]
[White "Ciocaltea, Victor"]
[Black "Lobron, Eric"]
[Result "0-1"]
[WhiteElo "2445"]
[BlackElo "2405"]

1.e4 c5 2.Nf3 e6 3.d4 cxd4 4.Nxd4 Nc6 5.Nc3 Nf6 6.Nb3 d5 7.exd5 exd5 8.Be2 h6
9.O-O Bd6 10.Bf3 Be6 11.g3 Be5 12.Nc5 O-O 13.Nxe6 fxe6 14.Ne2 Rc8 15.c3 Rc7
16.Bg2 Rcf7 17.h3 Bc7 18.Be3 Nd7 19.Nd4 Qf6 20.Nb5 Bb6 21.Bxb6 Nxb6 22.Qe2 e5
23.Rad1 a6 24.Na3 e4 25.f3 Qg6 26.fxe4 Qxg3 27.Rxf7 Rxf7 28.exd5 Ne5 29.Rf1 Nxd5
30.Rxf7 Kxf7 31.Qf2+ Qxf2+ 32.Kxf2 Nd3+ 33.Kg3 Ke6 34.b3 Nc1 35.c4 Nb4 36.Bxb7 Ncxa2
37.Nb1 Ke5 38.Kf3 Kd4 39.Ke2 Nc1+ 40.Kf3 Nxb3 41.Kf4 Na5 42.Bxa6 Nxa6 43.Kf5 Nc5
44.Na3 Nc6 45.Nb5+ Kxc4 46.Kg6 Ne6 47.Nd6+ Kd5 48.Nf5 Ne5+ 49.Kh7 h5 50.h4 g6
51.Ne7+ Ke4 52.Nxg6 Nxg6 53.Kxg6 Ng7 54.Kxg7 Kf5  0-1

[Event "YUG-ch"]
[Site "Borovo"]
[Date "1981.??.??"]
[Round "6"]
[White "Ivanovic, Bozidar"]
[Black "Krnic, Zdenko"]
[Result "0-1"]
[WhiteElo "2490"]
[BlackElo "2470"]

1.e4 c5 2.Nf3 Nc6 3.d4 cxd4 4.Nxd4 e6 5.Nc3 a6 6.Be2 Nge7 7.Bf4 Nxd4 8.Qxd4 Nc6
9.Qd2 f6 10.Be3 b5 11.O-O Be7 12.Bh5+ g6 13.Be2 Ne5 14.f4 Nf7 15.Rad1 Bb7
16.Bd3 Rc8 17.Kh1 O-O 18.Qf2 Qe8 19.Qg3 Nd6 20.f5 b4 21.fxe6 dxe6 22.e5 Nf5
23.Bxf5 exf5 24.Nd5 fxe5 25.Bh6 Rf7 26.Qxe5 Bc5 27.Rxf5 gxf5 28.Qg3+ Kh8
29.Re1 Bxd5 30.Rxe8+ Rxe8 31.h4 Bd4 32.c3 bxc3 33.bxc3 Bg7 34.Bf4 Bf6 35.Qd3 Be4
36.Qd6 Bxh4 37.Be5+ Kg8 38.Bd4 Bg5 39.Qxa6 Bf4 40.Qf1 Bg3 41.Qb5 Rb8 42.Qc5 Rb1+
43.Bg1 Rfb7  0-1